|
|
|
|
| LEADER |
00000nam0a2200000 4500 |
| 001 |
42625 |
| 005 |
20231101210749.0 |
| 010 |
|
|
|a 5935170779
|
| 035 |
|
|
|a (RuTPU)RU\TPU\book\43960
|
| 090 |
|
|
|a 42625
|
| 100 |
|
|
|a 20020912d2002 km y0rusy50 ca
|
| 101 |
0 |
|
|a rus
|
| 102 |
|
|
|a RU
|
| 105 |
|
|
|a a z 001zy
|
| 200 |
1 |
|
|a Конструкции на элементах цифровой техники
|f Э. М. Фромберг
|
| 210 |
|
|
|a Москва
|c Горячая линия-Телеком
|d 2002
|
| 215 |
|
|
|a 264 с.
|c ил.
|
| 225 |
1 |
|
|a Массовая радиобиблиотека
|h Вып. 1249
|
| 320 |
|
|
|a Библиогр.: с. 260-262.
|
| 606 |
1 |
|
|a Микросхемотехника
|2 stltpush
|3 (RuTPU)RU\TPU\subj\43763
|9 63206
|
| 610 |
1 |
|
|a электроника
|
| 610 |
1 |
|
|a элементы
|
| 610 |
1 |
|
|a конструкции
|
| 610 |
1 |
|
|a цифровая техника
|
| 610 |
1 |
|
|a цифровые микросхемы
|
| 610 |
1 |
|
|a игровые автоматы
|
| 610 |
1 |
|
|a электронные аппараты
|
| 610 |
1 |
|
|a ЭВМ
|
| 610 |
1 |
|
|a учебные модели
|
| 610 |
1 |
|
|a рефлексометры
|
| 610 |
1 |
|
|a приборы на внимание
|
| 610 |
1 |
|
|a профориентация
|
| 610 |
1 |
|
|a спортивные автоматы
|
| 610 |
1 |
|
|a детское техническое творчество
|
| 675 |
|
|
|a 621.382.049.77
|v 3
|
| 675 |
|
|
|a 681.13
|v 3
|
| 700 |
|
1 |
|a Фромберг
|b Э. М.
|g Эдуард Михайлович
|
| 801 |
|
1 |
|a RU
|b 63413507
|c 20020912
|g PSBO
|
| 801 |
|
2 |
|a RU
|b 63413507
|c 20201027
|g PSBO
|
| 942 |
|
|
|c BK
|